Normal view
MARC view
Entry Corporate Name
001 - CONTROL NUMBER
- control field: 14552
003 - CONTROL NUMBER IDENTIFIER
- control field: OSt
005 - DATE AND TIME OF LATEST TRANSACTION
- control field: 20211105133819.0
008 - FIXED-LENGTH DATA ELEMENTS
- fixed length control field: 211105|| aca||aabn | a|a d
040 ## - CATALOGING SOURCE
- Original cataloging agency: OSt
- Transcribing agency: OSt
110 ## - HEADING--CORPORATE NAME
- Corporate name or jurisdiction name as entry element: Laboratoire Gravitation et Cosmologie Relativistes Universite Pierre et Marie Curie et CNRS Institut HenriPoincare Paris
670 ## - SOURCE DATA FOUND
- Source citation: Work cat.: (OSt): Laboratoire Gravitation et Cosmologie Relativistes Universite Pierre et Marie Curie et CNRS Institut HenriPoincare Paris , Gravitation geometry and relativistic physics, 1984